000 00607nam a2200229Ia 4500
003 OSt
005 20221007072425.0
006 a|||||r|||| 00| 0
007 ta
008 221006b |||||||| |||| 00| 0 eng d
024 _a19,413
037 _cTextual
040 _aFLL
_cFLL
_beng
041 _2eng
_aeng
082 _aZ, N4
100 _aTwining W. Au.
_9690629
245 0 _aBlacktone's Tower
_b English law school
260 _aLondon
_bStevens and sons limited England
_c1994
300 _a210p
_ccm.
942 _hZ, N4
_cTEXL
_2CC
999 _c1146034
_d1146034